Brochure of India's foreign trade statistics : interim plan period ( 1966-67 to 1968-69) (Record no. 498103)

000 -LEADER
fixed length control field 00418cam a22001097a 4500
008 - FIXED-LENGTH DATA ELEMENTS--GENERAL INFORMATION
fixed length control field 180718b1969 xxu||||| |||| 00| 0 eng d
082 ## - DEWEY DECIMAL CLASSIFICATION NUMBER
Classification number T39065x54 In2/1966-69
245 ## - TITLE STATEMENT
Title Brochure of India's foreign trade statistics : interim plan period ( 1966-67 to 1968-69)
Statement of responsibility, etc. by Ministry of Foreign Trade, Maharashtra
260 ## - PUBLICATION, DISTRIBUTION, ETC.
Place of publication, distribution, etc. Nasik
Name of publisher, distributor, etc. Government Press
Date of publication, distribution, etc. 1969
300 ## - PHYSICAL DESCRIPTION
Extent 233+p.
700 ## - ADDED ENTRY--PERSONAL NAME
Personal name Maharashtra.Ministry of Foreign Trade
Holdings
Withdrawn status Lost status Damaged status Not for loan Permanent Location Current Location Date acquired Full call number Barcode Date last seen Price effective from Koha item type
        Indian Institute of Public Administration Indian Institute of Public Administration 2018-08-04 T39065x54 In2/1966-69 GG10754 2018-08-04 2018-08-04 GG

Powered by Koha